000
00453nam a2200181Ia 4500
008
090124s9999 xx 000 0 und d
082
_b
26514
100
_a
रोकडे ल. स.
245
_a
झळा
250
_a
0
260
_b
मधुर प्रकाशन
_c
1988
300
_a
176
600
_a
रोकडे ल. स.
630
_a
झळा
700
_a
रोकडे ल. स.
730
_a
झळा
942
_c
BOOK
999
_c
93984
_d
93984